| 000 | 00551nam a2200205 i 4500 | ||
|---|---|---|---|
| 001 | 98451 | ||
| 003 | ES-MaACL | ||
| 005 | 20230906182304.0 | ||
| 007 | t| | ||
| 008 | 050906s1959 sp ||||1| baq d | ||
| 080 | _a891.69-1 | ||
| 100 | 1 |
_aOtaño, Pedro María. _987858 |
|
| 245 | 1 | 0 | _aPedro Mari Otano'ren Bertsoak. |
| 260 |
_aZarautz'en : _bItzaropena, _c1959. |
||
| 300 |
_a139 p. ; _c22 cm. |
||
| 490 | 1 |
_aKuliska sorta ; _v31-32 |
|
| 830 | 0 |
_aKuliska sorta ; _v31-32 _9182694 |
|
| 852 |
_aES-MaACL _jC-20177 _bR.48555 |
||
| 999 |
_c98451 _d98451 |
||